| 000 | 01018cab a2200241 4500 | ||
|---|---|---|---|
| 001 | L136246 | ||
| 008 | 070119n2007 000 0 eng u | ||
| 035 | _a(Sirsi) u136246 | ||
| 041 | 0 | _aeng | |
| 100 | 1 | _aRees, Natasha | |
| 245 | 0 | 0 | _aWhat's a house? |
| 260 | _c2007 | ||
| 490 | 0 |
_aSolicitors' Journal _v151 (2) 12 January 2007, 57(1) |
|
| 520 | _aReports on the definition of a house as determined by the Court of Appeal for the purposes of exercising the right to buy a freehold under the Leasehold Reform Act 1967 - an issue which may soon be considered by the House of Lords. | ||
| 590 | _aKA | ||
| 650 | 2 | 4 | _aLEASEHOLD REFORM ACT 1967 |
| 650 | 2 | 4 | _aCOMMONHOLD AND LEASEHOLD REFORM ACT 2002 |
| 650 | 2 | 4 | _aBOSS HOLDINGS LTD V GROSVENOR WEST END PROPERTIES LTD AND ANOTHER |
| 650 | 2 | 4 | _aMALLETT AND SONS (ANTIQUES) LTD V GROSVENOR WEST END PROPERTIES LTD AND ANOTHER |
| 651 | 4 |
_aEngland and Wales _y1543- |
|
| 690 | _aPROPERTY-RESIDENTIAL PROPERTY-DOMESTIC RESIDENTIAL PROPERTY-HOUSING | ||
| 942 | _n0 | ||
| 999 |
_c78209 _d78209 |
||